| Tag |
First Indicator |
Second Indicator |
Subfields |
| LEADER |
00000nam a2200000 i 4500 |
| 001 |
in00004033113 |
| 005 |
20190117084344.0 |
| 006 |
m o d f |
| 007 |
cr mn||||||||| |
| 008 |
100318s1981 riu ob f001 0 eng c |
| 019 |
|
|
|a 300760099
|
| 035 |
|
|
|a (OCoLC)ocn558381887
|
| 042 |
|
|
|a pcc
|
| 043 |
|
|
|a n-us-ri
|a n-us---
|
| 040 |
|
|
|a OCLCE
|b eng
|e rda
|e pn
|c OCLCE
|d OCLCQ
|d OCLCF
|d OCLCO
|d OCLCQ
|d OCL
|d GPO
|d MvI
|
| 049 |
|
|
|a WWW
|
| 050 |
|
4 |
|a V420
|b .V55
|
| 074 |
|
|
|a 0408-A-02 (online)
|
| 086 |
0 |
|
|a D 208.210:4
|
| 100 |
1 |
|
|a Vlahos, Michael,
|d 1951-
|e author.
|
| 245 |
1 |
4 |
|a The blue sword :
|b the Naval War College and the American mission, 1919-1941 /
|c by Michael Vlahos.
|
| 246 |
3 |
0 |
|a Naval War College and the American mission, 1919-1941
|
| 250 |
|
|
|a First edition.
|
| 264 |
|
1 |
|a Newport, Rhode Island :
|b Naval War College Press,
|c 1980.
|
| 300 |
|
|
|a 1 online resource (v, 214 pages).
|
| 336 |
|
|
|a text
|b txt
|2 rdacontent
|
| 337 |
|
|
|a computer
|b c
|2 rdamedia
|
| 338 |
|
|
|a online resource
|b cr
|2 rdacarrier
|
| 490 |
1 |
|
|a Historical monograph series / U.S. Naval War College ;
|v no. 4
|
| 504 |
|
|
|a Includes bibliographical references (pages 196-211) and index.
|
| 588 |
|
|
|a Description based on online resource; title from PDF title page (Internet Archive website, viewed Oct. 5, 2018).
|
| 610 |
2 |
0 |
|a Naval War College (U.S.)
|x History
|y 20th century.
|
| 610 |
1 |
0 |
|a United States.
|b Navy
|x History
|y 20th century.
|
| 650 |
|
0 |
|a Naval art and science
|x History
|y 20th century.
|
| 651 |
|
0 |
|a United States
|x History, Naval
|y 20th century.
|
| 610 |
2 |
7 |
|a Naval War College (U.S.)
|2 fast
|0 (OCoLC)fst00549232
|
| 610 |
1 |
7 |
|a United States.
|b Navy.
|2 fast
|0 (OCoLC)fst00533204
|
| 650 |
|
7 |
|a Naval art and science.
|2 fast
|0 (OCoLC)fst01034937
|
| 651 |
|
7 |
|a United States.
|2 fast
|0 (OCoLC)fst01204155
|
| 648 |
|
7 |
|a 1900-1999
|2 fast
|
| 655 |
|
7 |
|a History.
|2 fast
|0 (OCoLC)fst01411628
|
| 655 |
|
7 |
|a Naval history.
|2 fast
|0 (OCoLC)fst01411632
|
| 710 |
2 |
|
|a Naval War College (U.S.).
|b Press,
|e issuing body.
|
| 776 |
0 |
8 |
|i Print version:
|a Vlahos, Michael, 1951-
|t Blue sword.
|b 1st ed.
|w (DLC) 81009654
|w (OCoLC)7577592
|
| 830 |
|
0 |
|a U.S. Naval War College historical monograph series ;
|v no. 4.
|
| 856 |
4 |
0 |
|3 Available in PDF, Mobi and epub versions
|u https://purl.fdlp.gov/GPO/gpo109784
|t 0
|
| 999 |
f |
f |
|s 3d20f0d9-ce61-3ac9-9753-f17d06febf16
|i 1c2e8088-e787-3eab-b120-60c47a827394
|t 0
|
| 952 |
f |
f |
|a Texas A&M University
|b College Station
|c Electronic Resources
|d Available Online
|t 0
|e D 208.210:4
|h Superintendent of Documents classification
|
| 998 |
f |
f |
|a D 208.210:4
|t 0
|l Available Online
|